Quiz sur l'USAP - Statistiques

Statistiques générales
  • Ce quiz a été pris 312 fois
  • Le résultat moyen est 11 sur 16
Statistiques - réponses
Question Réponse % Correct
L'USAP est le club de quelle ville ? Perpignan
99%
En quelle année le club a-t-il gagné le Top 14 pour la dernière fois ? 2009
92%
Quel joueur est arrivé en 2009 pour une saison, considéré comme le meilleur du monde à l'époque ? Dan Carter
81%
Quel est le nom du capitaine emblématique du club lors du premier titre en 1914, mort à la guerre et qui a donné son nom au stade ? Aimé Giral
80%
Combien de titre de champion de France le club compte-t-il ? (Première et Deuxième division) 9 (7 en première division et 2 en deuxième division)
76%
Que signifie le "A" dans USAP ? Arlequins
76%
Quand fût fondé le club ? 13 septembre 1902
74%
Quel joueur était surnommé "Le Bus" ? Nicolas Mas
71%
Quel joueur à fait toute sa carrière à l'USAP avant de rentrer dans le Staff ? David Marty
70%
Quel joueur emblématique du club, capitaine du XV de France a stoppé sa carrière sur un titre de champion de France en 2022 ? Guilhem Guirado
70%
De quelle couleur est généralement le maillot extérieur ? Sang et Or
66%
En quelle année le club à atteint la finale de la H Cup ? 2003
64%
A quand remontait le sacre précédent ? 1955
47%
Quel est le nom de la mascotte du club ? Cap de Burro
38%
Qui a composé/écrit/chanté la majorité des chansons emblématiques de l'USAP ? Jordi Barre
35%
Le maillot domicile est bleu azur, en référence à quoi ? Les tuniques de la première guerre mondiale
30%
Aucun quiz correspondant
Distribution des résultats
% des personnes avec chaque résultat
Percentile par nombre de réponses
Votre historique - résultats
Vous n’avez pas pris ce quiz